000 00852nam a2200277 a 4500
003 AR-BaBNM
005 20251128204838.0
008 082120s2002 ||||||||||||||000 | spa||
020 _a84-207-1781-9
040 _cAR-BaBNM
100 1 _aCastillejo Brull, José Luis
245 0 0 _aNuevas perspectivas en las ciencias de la educación
_bpedagogía general. 1
260 _aMadrid
_bAnaya
_c1978
300 _a181 p.
_bcuadros, gráfs.
490 0 _aCiencias de la educación
504 _aContiene bibliografía al final de cada capítulo
650 4 _aFINALIDADES DE LA EDUCACION
650 4 _aCIENCIAS DE LA EDUCACION
650 4 _aPRINCIPIOS EDUCACIONALES
650 4 _aORGANIZACION DE LA EDUCACION
650 4 _aPEDAGOGIA
650 4 _aSISTEMAS ESCOLARES
800 1 _aOrden, Arturo de la
_edirector
942 _cBK
998 _cGrace
999 _c9013
_d9013